Music Quiz

Random Music or Christianity Quiz
Score 0/141 Timer 08:00
0 Plays Today
Lyrics % Correct
The
98.2%
the
98.2%
the
98.2%
the
98.2%
and
98.2%
and
98.2%
and
98.2%
and
98.2%
and
98.2%
the
98.2%
and
98.2%
the
98.2%
the
98.2%
the
98.2%
and
98.2%
the
98.2%
the
98.2%
and
98.2%
the
98.2%
and
98.2%
God
89.6%
God
89.6%
God
89.6%
God
89.6%
God
89.6%
God
89.6%
God
89.6%
is
79.5%
is
79.5%
is
79.5%
is
79.5%
is
79.5%
is
79.5%
is
79.5%
is
79.5%
me
78.6%
me
78.6%
He
76.9%
He
76.9%
in
75.1%
in
75.1%
in
75.1%
You
75.1%
of
74.2%
of
74.2%
in
73.2%
to
70.6%
Lyrics % Correct
to
70.6%
all
68.7%
all
68.7%
all
68.7%
all
68.7%
all
68.7%
all
68.7%
will
68.2%
will
68.2%
will
68.2%
our
67.7%
our
67.7%
our
67.7%
our
67.7%
our
67.7%
our
67.7%
our
67.7%
sing
66.3%
sing
66.3%
sing
66.3%
How
65.9%
how
65.9%
how
65.9%
how
65.9%
How
65.9%
How
65.9%
how
65.9%
how
65.9%
how
65.9%
with
64.4%
with
64.4%
my
63.8%
great
63.2%
great
63.2%
great
63.2%
great
63.2%
great
63.2%
great
63.2%
great
63.2%
great
63.2%
great
63.2%
see
61.2%
see
61.2%
Son
60.9%
are
60.4%
His
59.7%
His
59.7%
Lyrics % Correct
His
59.7%
king
59.2%
earth
57.6%
earth
57.6%
one
57.3%
Father
57.1%
Spirit
56.8%
light
55%
at
54.9%
at
54.9%
let
54.4%
let
54.4%
rejoice
52.8%
rejoice
52.8%
praise
52.6%
lamb
52.4%
lamb
52.4%
majesty
51.4%
heart
51%
darkness
50.3%
lion
49.9%
lion
49.9%
hands
49.4%
Splendor
49%
clothed
49%
three
48.5%
name
48.3%
voice
47.6%
voice
47.6%
time
47.3%
himself
47.1%
wraps
46.7%
hide
46.2%
tries
45.9%
end
45.6%
end
45.6%
trembles
45.5%
trembles
45.5%
above
45.5%
worthy
45%
beginning
44%
beginning
44%
Age
43.7%
age
43.7%
Godhead
43.3%
stands
42.4%
names
41.3%
Remove Ads.
Support Sporcle.
Get the best of Sporcle when you Go Orange. This ad-free experience offers more features, more stats, and more fun while also helping to support Sporcle. Thank you for becoming a member.

You're not logged in!

Compare scores with friends on all Sporcle quizzes.
OR
Log In

Show Comments

Extras

Top Quizzes Today


Score Distribution

Your Account Isn't Verified!

In order to create a playlist on Sporcle, you need to verify the email address you used during registration. Go to your Sporcle Settings to finish the process.

Report this User

Report this user for behavior that violates our Community Guidelines.

Details: